Construir el acontecimiento: los medios de comunicación masiva y el accidente en la central nuclear de Three Mile Island
Saved in:
| Hovedforfatter: | |
|---|---|
| Format: | Bog |
| Sprog: | spansk |
| Udgivet: |
Barcelona
Gedisa
2002
|
| Udgivelse: | 3a. ed |
| Serier: | El Mamífero Parlante. Serie Mayor
|
| Fag: | |
| Tags: |
Tilføj Tag
Ingen Tags, Vær først til at tagge denne postø!
|
MARC
| LEADER | 00000nam a2200000 a 4500 | ||
|---|---|---|---|
| 001 | UCL9384 | ||
| 003 | CL-VaPUC | ||
| 008 | 040806e20020000SP |||||||||||||||||spa|d | ||
| 020 | |a 8474321778 | ||
| 082 | 0 | 4 | |a 302.23 |b VER |2 21 |
| 100 | 0 | |a Verón, Eliseo |e author |9 487181 | |
| 245 | 1 | 0 | |a Construir el acontecimiento: los medios de comunicación masiva y el accidente en la central nuclear de Three Mile Island |
| 250 | |a 3a. ed | ||
| 300 | |a 201 p | ||
| 942 | |c BK | ||
| 945 | |d 20040806 00:00:00 |a cmena | ||
| 260 | |a Barcelona |b Gedisa |c 2002 | ||
| 650 | 0 | |a Medios de comunicación de masas |9 257273 | |
| 650 | 0 | |a Antropología cultural y social |9 265143 | |
| 650 | 0 | |a Gestión de la información |9 362327 | |
| 650 | 7 | |a REACTORES NUCLEARES |2 CL-VaPUC |9 329099 | |
| 650 | 7 | |a PELIGRO NUCLEAR |2 CL-VaPUC |9 487182 | |
| 583 | |a last modification |c 20040806 00:00:00 |k Rodrigo Vera | ||
| 490 | 0 | |a El Mamífero Parlante. Serie Mayor | |
| 999 | |c 310179 |d 310177 | ||
| 952 | |0 0 |1 0 |4 0 |6 302_230000000000000_VER_2002 |7 0 |8 A |9 378425 |a BIBGIM |b BIBGIM |d 2019-11-21 |i 4045637 |o 302.23 VER 2002 |p 4045637 |r 2025-01-15 |w 2019-11-21 |y BK |k SSL | ||
| 952 | |0 0 |1 0 |4 0 |6 302_230000000000000_VER_2002 |7 0 |8 A |9 378426 |a BIBCUR |b BIBCUR |d 2019-11-21 |i 4682866 |o 302.23 VER 2002 |p 4682866 |r 2025-04-22 |w 2019-11-21 |y BK |k PER | ||